| Tag |
First Indicator |
Second Indicator |
Subfields |
| LEADER |
00000cam a22000001i 4500 |
| 001 |
in00002503516 |
| 005 |
20190327173445.0 |
| 006 |
m||||||||d|||||||| |
| 007 |
cr |n ---||a|a |
| 008 |
720706s1956 nyua s 000|0aeng d |
| 010 |
|
|
|a 56009590
|
| 035 |
|
|
|9 (DLC) 56009590
|
| 035 |
|
|
|a (OCoLC)349994
|
| 035 |
|
|
|a (VaAlASP)ASPS00014966/bltc
|
| 040 |
|
|
|a DLC
|c OU
|d OCoLC
|d NBrockU
|d DLC
|d VaAlASP
|d UtOrBLW
|
| 050 |
0 |
0 |
|a ML420.K5
|b A3
|
| 082 |
0 |
|
|a 927.8
|
| 100 |
1 |
|
|a Kitt, Eartha.
|
| 245 |
1 |
0 |
|a Thursday's child.
|
| 250 |
|
|
|a [1st ed.].
|
| 264 |
|
1 |
|a New York :
|b Duell, Sloan and Pearce,
|c [1956]
|
| 300 |
|
|
|a 250 pages :
|b illustrations ;
|c 21 cm.
|
| 336 |
|
|
|a text
|b txt
|2 rdacontent
|
| 337 |
|
|
|a computer
|b c
|2 rdamedia
|
| 338 |
|
|
|a online resource
|b cr
|2 rdacarrier
|
| 500 |
|
|
|a Autobiographical.
|
| 533 |
|
|
|a Electronic reproduction.
|b Alexandria, VA :
|c Alexander Street Press,
|d 2006.
|f (Black thought and culture).
|n Available via World Wide Web.
|
| 500 |
|
|
|a Electronic resource.
|
| 650 |
|
0 |
|a African American women musicians
|x Biography.
|
| 655 |
|
0 |
|a Electronic books.
|
| 776 |
1 |
|
|c Original
|w (DLC) 56009590
|
| 830 |
|
0 |
|a Black thought and culture.
|
| 856 |
4 |
0 |
|z Connect to the full text of this electronic book
|u http://proxy.library.tamu.edu/login?url=http://www.aspresolver.com/aspresolver.asp?BLTC;S14966
|t 0
|
| 999 |
|
|
|a MARS
|
| 999 |
f |
f |
|s 85d0718a-83d8-3032-944d-8db59675596b
|i cbaa7d88-4b0d-3db4-a374-f378962aa591
|t 0
|
| 952 |
f |
f |
|a Texas A&M University
|b College Station
|c Electronic Resources
|d Available Online
|t 0
|e ML420.K5 A3
|h Library of Congress classification
|
| 998 |
f |
f |
|a ML420.K5 A3
|t 0
|l Available Online
|